000 01959ngm a22004930a 4500
001 PT13516
003 AR-LpoUNG
005 20210202000310.0
007 vd cvaizq
008 191001s1998||||ag |||||||||||||||||spa d
020 _a9504359264 (o.c.)
040 _aAR-LpoUNG
_bspa
_cAR-LpoUNG
_eaacr
041 _aspa
044 _aag
082 0 _a982 632v1
100 1 _aPigna, Felipe
_edir.
245 1 0 _aHistoria Argentina 1776 - 1813 :
_bprocesos socioeconómicos, políticos y culturales
260 _aBuenos Aires :
_bDiana,
_c1998.
300 _aVHS (57 min.) : son., col.
505 0 _aGuión: Carlos Mora, Marta Dino ; narración: Edgardo Pérez Morán ; asistencia: Natalia Incolla Garay, Sol Povarchik ; guión: Marta Dino, distribución: Mauro Ariel González ; colaboración: Karina Solano ; edición: Martín Gaztelu ; animación: Matías Alonzo, Federico Meliz. - Se acompaña con una guía de trabajo, inventario Nº 12513
520 _aContenido: La rebelión de Tupac Amarú; el virreinato del Río de la Plata; La revolución Francesa; Las invaciones inglesas; Carlos IV y Fernando VII; Napoleón; la Revolución de Mayo; Moreno y Saavedra; Castelli; Belgrano; Los triunviratos; San Martín; la asamblea del año XIII
650 4 _aANALISIS HISTORICO
650 4 _aCULTURA
650 4 _aCULTURA
650 4 _aESPAÑA
650 4 _aESPAÑA
650 4 _aHISTORIA
650 4 _aIDEOLOGIAS POLITICAS
650 4 _aIDEOLOGIAS POLITICAS
650 4 _aINDEPENDENCIA
650 4 _aINDEPENDENCIA
650 4 _aMOVIMIENTOS DE LIBERACION NACIONAL
650 4 _aMOVIMIENTOS DE LIBERACION NACIONAL
650 4 _aPOBLACION
650 4 _aPOBLACION
650 4 _aSOCIEDAD
651 4 _aArgentina
653 _aVIDEOS
653 _aVIDEOS DIDACTICOS
710 2 _aEscuela Superior de Comercio Carlos Pellegrini (Buenos Aires)
710 2 _aUniversidad de Buenos Aires
905 _a13516
942 _cVIDEO
999 _c54554
_d54554